02018nam a22002777a 4500003000900000005001700009007000300026008004100029020001800070040002600088082002700114100003800141245015200179260004100331300002300372500007000395504003200465505084200497590002801339650002001367700004401387942001401431952013501445952014301580999001701723DO-SdBNP20220513121501.0ta220513b2021 dr ||||| |||| 00| 0 spa d a9789945091564 aDO-SdBNPbspacBNPHU  4a265.1bC957a, 20212221 aCruz, José Darío de la97926010aAquí hay agua :b¿Qué impide que yo sea bautizado? /cJosé Darío de la Cruz ; edición Manolo Patrocino ; prólogo Elvis Samuel Medina. aSanto Domingo : bSantuario, c2021. a124 p. ; c22 cm.  aIncluye datos biográficos del autor en la solapa de la cubierta aBibliografía : p. 123-1242 aDedicatoria, 11.-- Agradecimientos, 13.-- Prólogo / Elvis Samuel Medina, 15.-- Introducción, 19.--La iglesia bautizando, 23.-- La iglesia, 29.-- Los beneficios del bautismo, 35.-- El bautismo: las experiencias de los apóstoles, 39.-- Las enseñanzas de Pablo sobre el bautismo, 43.-- El bautismo en los escritos de Pedro, 49.-- El bautismo en los escritos de Juan, 53.-- Niveles de conocimiento sobre el bautismo, 57.-- El bautismo en la Era Patrística, 61.-- El bautismo en la Era de la Reforma, 67.-- El bautismo en la Era contemporánea, 71.-- Valores espirituales generados por el bautismo, 81.-- El bautismo en las iglesias de América Latina, 89.-- El bautismo cristiano en las iglesias evangélicas de la República Dominicana, 95.-- Aquí hay agua, 99.-- La pregunta del Eunuco, 109.-- Matrimonio vs. Bautismo, 115. aInventariado, 2022/BT  4aBautismo9344101 aMedina, Elvis Samuel,eprólogo969110 2ddccLBS1 00102ddc53708PDaBNPHUbBNPHUcCTd2022-05-13eDonaciónoBNPHU PD 265.1 C957a, 2021p2022-1940r2022-05-13w2022-05-13yLBS1 00102ddc53708PDaBNPHUbBNPHUcCTd2022-05-13eDonaciónl0oBNPHU PD 265.1 C957a, 2021p2022-1941r2022-05-13te.2w2022-05-13yLBS1 c51720d51720